Losing Vice Presidential Candidates - Statistics

General Stats
  • This quiz has been taken 11 times
  • The average score is 41 of 75
Answer Stats
Hint Answer % Correct
2020-Trump Mike Pence
100%
2008-McCain Sarah Palin
100%
1988-Dukakis Bentsen
88%
1992-H.W. Bush Dan Quayle
88%
1984-Mondale Geraldine Ferraro
88%
1996-Dole Jack Kemp
88%
2000-Gore Joe Lieberman
88%
2004-Kerry John Edwards
88%
2012-Romney Paul Ryan
88%
1992-Perot Stockdale
88%
2016-Clinton Tim Kaine
88%
1980-Carter Walter Mondale
88%
1796-Thomas Jefferson Aaron Burr
75%
1976-Ford Bob Dole
75%
1800-John Adams Charles Pinckney
75%
1932-Herbert Hoover Charles Curtis
63%
1920-James Cox Franklin Roosevelt
63%
1960-Richard Nixon Henry Cabot Lodge Jr.
63%
1972-McGovern Shriver
63%
1900-W.J. Bryan Adlai Stevenson I
50%
1872-Horace Greeley Ben Brown
50%
1944-Thomas Dewey Bricker
50%
1924-John Davis Bryan
50%
1848-Lewis Cass Butler
50%
1912-W.H. Taft Butler
50%
1848-Martin Van Buren Charles F. Adams
50%
1916-C.E. Hughes Charles W. Fairbanks
50%
1968-Wallace Curtis LeMay
50%
1948-Thomas Dewey Earl Warren
50%
1968-Humphreys Edmund Muskie
50%
1860-John Bell Edward Everett
50%
1880-Winfield Scott Hancock English
50%
1936-Alf Landon Frank Knox
50%
1868-Horatio Seymour Franklin Blair
50%
1864-George McClellan George Pendleton
50%
1904-Alton Parker Henry G. Davis
50%
1860-Stephen Douglas Herschel Johnson
50%
1912-Teddy Roosevelt Hiram Johnson
50%
1812-Dewitt Clinton Jared Ingersoll
50%
1928-Al Smith Joe P. Robinson
50%
1836-Willie Magnum/Hugh White John Tyler
50%
1860-John Breckinridge Joseph Lane
50%
1956-Adlai Stevenson II Kefauver
50%
1908-W.J. Bryan Kern
50%
1884-James Blaine Logan
50%
1980-Anderson Lucey
50%
1940-Wendell Wilkie McNary
50%
1964-Goldwater Miller
50%
1892-Benjamin Harrison Reid
50%
1840-Martin Van Buren Richard M. Johnson
50%
1804-Charles Pinckney Rufus King
50%
1808-Charles Pinckney Rufus King
50%
1896-W.J. Bryan Sewall
50%
1952-Adlai Stevenson II Sparkman
50%
1844-Henry Clay Theodore Frelinghuysen
50%
1876-Samuel Tilden Thomas Hendricks
50%
1888-Grover Cleveland Thurman
50%
1948-Strom Thurmond Wright
50%
1856-Millard Fillmore Andrew Donelson
38%
1924-Robert La Follette Burton Wheeler
38%
1856-John Fremont Dayton
38%
1832-William Wirt Ellmaker
38%
1892-James Weaver Fields
38%
1852-John P. Hale George W. Julian
38%
1852-Winfield Scott Graham
38%
1836-W.H. Harrison/Daniel Webster Granger
38%
1816-Rufus King Howard
38%
1824-William Crawford Macon
38%
1828-John Q. Adams Richard Rush
38%
1832-Henry Clay Sargent
38%
1832-John Floyd Lee
25%
1824-Henry Clay Sanford
25%
1912-Eugene Debs Seidel
25%
1896-W.J. Bryan Watson
25%
1996-Perot Chaote
13%
No matching quizzes found
Score Distribution
Percent of People with Each Score
Percentile by Number Answered
Your Score History
You have not taken this quiz